000
00279nam a22001337a 4500
008
170322b xxu||||| |||| 00| 0 eng d
020
_a
1890114006
041
_a
eng
080
_a
616.12-008-073
100
_a
7
101
_a
SHM
245
_a
ECGS
_c
KEEFE.J.H
942
_2
udc
_c
BK
999
_c
8323
_d
8323